004660000a220013300045001000028000007000031000287000025000597000032000842450115001166510032002310410014002630440013002777730042002901 aLozano Ramírez, Yesid1 aMolina Portuguez, Leonardo1 aSilva Herrera, Jairo1 aPinzón, Claudia Alexandra10aEstudio corológico y fenológico de ocho especies del bosque andino, Bogotá D.C., Cundinamarca - Colombia 4lCerros OrientalesmBogotá0 aEspañol aColombia1 tPérez Arbelaeziah17q187-210d2006